<?xml version="1.0" encoding="UTF-8"?>
<marc:record xmlns:marc="http://www.loc.gov/MARC21/slim">
   <marc:leader>00000nam a2200000 a 4500</marc:leader>
   <marc:datafield ind1="1" ind2=" " tag="100">
      <marc:subfield code="a">Zanesco, Alexander</marc:subfield>
      <marc:subfield code="4">aut</marc:subfield>
      <marc:subfield code="e">Verfasser/-in</marc:subfield>
   </marc:datafield>
   <marc:datafield ind1="0" ind2="0" tag="245">
      <marc:subfield code="a">Hörtenberg 2</marc:subfield>
   </marc:datafield>
   <marc:datafield ind1="0" ind2="0" tag="245">
      <marc:subfield code="b">Archäologie und Geschichte im Raum Telfs</marc:subfield>
   </marc:datafield>
   <marc:datafield ind1="0" ind2="0" tag="245">
      <marc:subfield code="c">Zanesco, Alexander</marc:subfield>
   </marc:datafield>
   <marc:datafield ind1=" " ind2="1" tag="264">
      <marc:subfield code="c">1998</marc:subfield>
   </marc:datafield>
   <marc:datafield ind1="1" ind2=" " tag="490">
      <marc:subfield code="a">-</marc:subfield>
      <marc:subfield code="v">2</marc:subfield>
   </marc:datafield>
   <marc:datafield ind1=" " ind2=" " tag="250">
      <marc:subfield code="a">1. Auflage</marc:subfield>
   </marc:datafield>
   <marc:datafield ind1="1" ind2=" " tag="520">
      <marc:subfield code="a">Inhalt: &#xD;
1. Vorwort des Herausgebers &#xD;
2. Ein interessantes Dokument zur Ortsentwicklung von Telfs: das Kartenblatt „Section 32“ der Tiroler Landesaufnahme von 1801 bis 1805 - Stefan Dietrich &#xD;
3. Oberthann - die ursprüngliche Bezeichnung für St. Veit - Helga Hofer 4. Bericht über die Ausgrabung auf dem „Trappeleacker“ in Pfaffenhofen im Jahr 2000- Thomas Tischer &#xD;
5. Oberhofen - *Niederhofen: historisch-siedlungsgenetische Überlegungen am Beispiel eines Oberinntaler Dorfes - Irmtraud Heitmeier &#xD;
6. Archäologische und geophysikalische Untersuchungen auf dem Krautfeld bei Oberhofen - Anton Höck und Wolfgang Neubauer</marc:subfield>
   </marc:datafield>
   <marc:datafield ind1=" " ind2=" " tag="020">
      <marc:subfield code="a">9783900773298</marc:subfield>
      <marc:subfield code="9">9783900773298</marc:subfield>
   </marc:datafield>
   <marc:datafield ind1=" " ind2=" " tag="041">
      <marc:subfield code="a">ger</marc:subfield>
   </marc:datafield>
   <marc:datafield ind1="0" ind2=" " tag="490">
      <marc:subfield code="v">2</marc:subfield>
   </marc:datafield>
   <marc:datafield ind1=" " ind2=" " tag="300">
      <marc:subfield code="a">64 Seiten</marc:subfield>
   </marc:datafield>
</marc:record>
